|
|
|
|
| LEADER |
01204nam a2200325 i 4500 |
| 001 |
39541 |
| 003 |
BD-DhAAL |
| 005 |
20220831150315.0 |
| 008 |
170210s2017 vtua b 001 0 eng |
| 999 |
|
|
|c 44873
|d 44873
|
| 010 |
|
|
|a 2016048267
|
| 020 |
|
|
|a 9781847941398 (paperback)
|
| 020 |
|
|
|a 9781603586740 (hardcover)
|
| 020 |
|
|
|z 9781603586757 (ebook)
|
| 040 |
|
|
|a DLC
|b eng
|c DLC
|e rda
|d DLC
|d BD-DhAAL
|
| 042 |
|
|
|a pcc
|
| 050 |
0 |
0 |
|a HB75
|b .R38 2017
|
| 082 |
0 |
0 |
|a 330
|2 23
|
| 100 |
1 |
|
|a Raworth, Kate,
|e [author]
|9 51181
|
| 245 |
1 |
0 |
|a Doughnut economics :
|b seven ways to think like a 21st-century economist /
|c Kate Raworth.
|
| 264 |
|
1 |
|a London :
|b Penguin Books,
|c 2022.
|
| 300 |
|
|
|a viii, 375 pages :
|b illustrations ;
|c 23 cm.
|
| 504 |
|
|
|a Includes bibliographical references (pages 305-354) and index.
|
| 526 |
|
|
|a BIGD
|
| 541 |
|
|
|a Book Finder International
|e 39541
|
| 650 |
|
0 |
|a Economics
|x History.
|9 51182
|
| 650 |
|
0 |
|a Economics.
|9 51183
|
| 852 |
|
|
|a Ayesha Abed Library
|c General Stacks
|
| 942 |
|
|
|2 ddc
|c BK
|
| 952 |
|
|
|0 0
|1 0
|2 ddc
|4 0
|6 330_000000000000000_RAW
|7 0
|9 71742
|a IGS
|b IGS
|c GEN
|d 2022-08-29
|e Book Finder International
|g 704.26
|l 0
|o 330 RAW
|p 3010039541
|r 2022-08-29
|t 1
|v 704.26
|w 2022-08-29
|y BK
|